| 000 | 00837pam a2200241 a 4500 | ||
|---|---|---|---|
| 001 | 115227 | ||
| 005 | 20230410103923.0 | ||
| 008 | 911126r20031992enkb b 001 0 eng | ||
| 020 | _a9780141011233 | ||
| 020 | _a0141011238 | ||
| 050 | 1 | 4 |
_a439 DS 62.4 _bM287h 2003 |
| 100 | 1 |
_aMansfield, Peter, _d1928- |
|
| 245 | 1 | 2 |
_aA history of the Middle East / _cPeter Mansfield. |
| 260 |
_aEngland. : _bPenguin Books, _c2003. |
||
| 300 |
_a429 p. : _bmaps |
||
| 504 | _aIncludes bibliographical references and index. | ||
| 650 | 0 |
_aMiddle East _xHistory _y1517- |
|
| 650 | 0 |
_aMiddle East _xHistory _y20th century. |
|
| 650 | 4 |
_aMedio Oriente _xHistoria _y1517. |
|
| 650 | 4 |
_aMedio Oriente _xHistoria _ySiglo 20. |
|
| 856 | 4 | 2 |
_3Contributor biographical information _uhttp://www.loc.gov/catdir/enhancements/fy1209/91045007-b.html |
| 942 |
_2lcc _cbk |
||
| 999 |
_c28475 _d28475 |
||